Boty : odraz tradice : katalog k výstavě = Shoes : reflection of tradition : exhibition catalogue /

Korporativní autor: Moravské zemské muzeum (Brno, Česko)
Další autoři: Rožková, Gabriela
Jazyk: Slovenština
Čeština
Angličtina
Vydáno: Brno : Moravské zemské muzeum, 2024
Témata:
Fyzický popis: 140 stran : barevné ilustrace ; 25 cm
Language note: Částečně souběžný anglický text, částečně slovenský text, anglická resumé
Knihy
Uloženo v:
LEADER 02256nam a2200577 i 4500
001 nkc20243653180
003 CZ PrNK
005 20250131120525.0
007 ta
008 241203s2024 xr a e c 000 0 cze
015 |a cnb003653180 
020 |a 978-80-7028-612-8  |q (brožováno) 
035 |a (OCoLC)1498301037 
040 |a BOA001  |b cze  |d ABA001  |e rda 
041 1 |a cze  |a eng  |a slo  |b eng  |h cze  |h slo 
043 |a e-xr--- 
072 7 |a 685  |x Zpracování kůže. Obuvnictví  |2 Konspekt  |9 19 
080 |a 685.341/.348  |2 MRF 
080 |a 685.34(091)  |2 MRF 
080 |a 391(091)  |2 MRF 
080 |a 7.05  |2 MRF 
080 |a (437.3)  |2 MRF 
080 |a (083.824)  |2 MRF 
245 0 0 |a Boty :  |b odraz tradice : katalog k výstavě = Shoes : reflection of tradition : exhibition catalogue /  |c Gabriela Rožková (ed.) 
246 3 1 |a Shoes 
264 1 |a Brno :  |b Moravské zemské muzeum,  |c 2024 
300 |a 140 stran :  |b barevné ilustrace ;  |c 25 cm 
336 |a text  |b txt  |2 rdacontent 
337 |a bez média  |b n  |2 rdamedia 
338 |a svazek  |b nc  |2 rdacarrier 
500 |a Vydáno ke stejnojmenné výstavě v Moravském zemském muzeu 
504 |a Obsahuje bibliografie a bibliografické odkazy 
546 |a Částečně souběžný anglický text, částečně slovenský text, anglická resumé 
650 0 7 |a obuv  |7 ph123617  |z Česko  |2 czenas 
650 0 7 |a dějiny obuvnictví  |7 ph606744  |z Česko  |2 czenas 
650 0 7 |a dějiny módy  |7 ph484342  |z Česko  |2 czenas 
650 0 7 |a design  |7 ph114303  |z Česko  |2 czenas 
650 0 9 |a footwear  |z Czechia  |2 eczenas 
650 0 9 |a history of shoemaking  |z Czechia  |2 eczenas 
650 0 9 |a history of fashion  |z Czechia  |2 eczenas 
650 0 9 |a design  |z Czechia  |2 eczenas 
655 7 |a katalogy výstav  |7 fd132536  |2 czenas 
655 9 |a exhibition catalogs  |2 eczenas 
700 1 |a Rožková, Gabriela  |7 mzk2014849334  |4 edt 
710 2 |a Moravské zemské muzeum (Brno, Česko)  |7 kn20010709060  |4 orm  |4 isb 
910 2 |a BOA001  |b 3-1538.271 
990 |a BK 
995 |a 01 
991 |b 202501  |c NOV 
996 6 |b 2610991259  |c 3-1538.271  |l MZK  |r Sklad / do 1 hodiny  |n 0  |p p.v.  |w 001989735  |u 000010  |a 1  |e BOA001  |j MZK50  |s P 
996 7 |b 2610991260  |c 3-1538.271  |l MZK  |r Sklad / do 1 hodiny  |n 0  |p p.v.  |w 001989735  |u 000020  |a 1  |e BOA001  |j MZK50  |s A